Statistics for The Quiz on JetPunk

Click here to take the quiz!

General Stats

  • This quiz has been taken 310 times
    (243 since last reset)
  • The average score is 9 of 33

Answer Stats

ClueAnswer% Correct
Most Popular QuizzesCountries of the World
79%
Easiest US President AnswerGeorge Washington
74%
Easiest European CapitalsParis
73%
Easiest Three Letter Body PartsArm
67%
Easiest Periodic TableHydrogen
59%
Easiest NATO CountriesUnited Kingdom
58%
Easiest Military Alphabet CodesAlpha
54%
Easiest English MonarchsElizabeth
54%
Year Created2008
48%
Most Popular QuizzesUS States
43%
Easiest 7 DwarfsGrumpy
37%
Easiest 7 Deadly SinsGluttony
35%
Hardest 7 Deadly SinsWrath
27%
Hardest 7 DwarfsBashful
24%
Most Popular Usersrelessness
19%
Hardest European CapitalsPodgorica
18%
The Hostetler BrothersJohn
15%
Most Popular QuizzesFast Typing to 100
12%
Hardest US President AnswerRutherford B. Hayes
11%
Hardest English MonarchsStephen
11%
Hardest Three Letter Body PartsGum
9%
The Hostetler BrothersDan
8%
Most Popular QuizzesEurope Map Quiz
8%
Company owning JetpunkH Brothers Inc.
8%
Hardest Military Alphabet CodesUniform
8%
Hardest NATO CountriesAlbania
6%
Most Popular Usersscambigol
4%
Most Popular UsersJerry928
2%
Hardest Periodic TableMeitnerium
2%
Most Popular UsersQuizzer6794
2%
Most Popular QuizzesUnited States Map Quiz
2%
Most Popular UsersGamer1162
1%
Original Websitevacations.info
1%

Score Distribution

Percentile by Number Answered

Percent of People with Each Score

Your Score History

You have not taken this quiz since the last reset